Coastal erosion (Record no. 521055)

000 -LEADER
fixed length control field 00840nam a22001457a 4500
008 - FIXED-LENGTH DATA ELEMENTS--GENERAL INFORMATION
fixed length control field 221208b ||||| |||| 00| 0 eng d
100 ## - MAIN ENTRY--PERSONAL NAME
Personal name Chandra, Sharad
245 ## - TITLE STATEMENT
Title Coastal erosion
260 ## - PUBLICATION, DISTRIBUTION, ETC. (IMPRINT)
Place of publication, distribution, etc Yojana
300 ## - PHYSICAL DESCRIPTION
Extent 66(11), Nov, 2022: p.17-28
520 ## - SUMMARY, ETC.
Summary, etc Coastal erosion is wearing away and redistributing sold elements of the shoreline as well as sediment, normally by such natural forces as waves, tidal and littoral currents, and deflation. The causes of erosion are either natural or man-made. Sometime, it is combination of both, natural and man-made factors. While the former is a relentless process that is often impossible to resists, the latter is often due to ill-planned activities and can certainly be contained, or even revered. – Reproduced
773 ## - HOST ITEM ENTRY
Main entry heading Yojana
906 ## - LOCAL DATA ELEMENT F, LDF (RLIN)
Subject DIP ENVIRONMENT
942 ## - ADDED ENTRY ELEMENTS (KOHA)
Item type Articles
Holdings
Withdrawn status Lost status Source of classification or shelving scheme Damaged status Not for loan Permanent location Current location Date acquired Serial Enumeration / chronology Barcode Date last seen Koha item type
          Indian Institute of Public Administration Indian Institute of Public Administration 2022-12-08 66(11), Nov, 2022: p.17-28 AR127615 2022-12-08 Articles

Powered by Koha